[Event "I Festival Juan Martinez Sola 2014"]
[Site "Almería ESP"]
[Date "2014.12.26"]
[Round "1.2"]
[White "Perez Beltran, Salvador"]
[Black "Garcia Molina, Francisco Migue"]
[Result "0-1"]
[WhiteElo "1510"]
[BlackElo "2152"]
[PlyCount "48"]
[EventDate "2014.12.26"]
[EventType "swiss"]
[EventRounds "7"]
[EventCountry "ESP"]
[Source "lmi"]
[SourceDate "2014.12.26"]

1. d4 Nf6 2. c4 e6 3. Nc3 Bb4 4. e3 Bxc3+ 5. bxc3 b6 6. Nf3 Bb7 7. Be2 d6 8.
O-O Nbd7 9. Ba3 Ne4 10. Qc2 f5 11. Nd2 Nxd2 12. Qxd2 Qg5 13. f3 O-O-O 14. Rab1
h5 15. Bd1 h4 16. h3 Rh6 17. Qf2 Rg6 18. Rb2 Qf6 19. Kh1 Rg3 20. Bb4 c5 21. Ba3
Rh8 22. Rd2 g5 23. Rg1 g4 24. fxg4 Rxh3# 0-1

[Event "I Festival Juan Martinez Sola 2014"]
[Site "Almería ESP"]
[Date "2014.12.26"]
[Round "1.3"]
[White "Hernandez Muñoz, Antonio Ramon"]
[Black "Jimenez Tejada, Juan Jose"]
[Result "1-0"]
[WhiteElo "2151"]
[BlackElo "1504"]
[PlyCount "41"]
[EventDate "2014.12.26"]
[EventType "swiss"]
[EventRounds "7"]
[EventCountry "ESP"]
[Source "lmi"]
[SourceDate "2014.12.26"]

1. d4 Nf6 2. Nf3 d5 3. g3 Bg4 4. Nbd2 e6 5. Bg2 Be7 6. O-O O-O 7. Re1 Nbd7 8.
e4 dxe4 9. Nxe4 c6 10. c3 Nxe4 11. Rxe4 Nf6 12. Re1 h6 13. Qb3 Qc7 14. Bf4 Bd6
15. Bxd6 Qxd6 16. Qxb7 Rfb8 17. Qa6 Rxb2 18. Ne5 Rb6 19. Qa4 a6 20. Nc4 Qc7 21.
Nxb6 1-0

[Event "I Festival Juan Martinez Sola 2014"]
[Site "Almería ESP"]
[Date "2014.12.26"]
[Round "1.4"]
[White "Revaliente Montoya, Ciro"]
[Black "Arboledas Fernandez, Antonio A"]
[Result "0-1"]
[WhiteElo "1487"]
[BlackElo "2145"]
[PlyCount "92"]
[EventDate "2014.12.26"]
[EventType "swiss"]
[EventRounds "7"]
[EventCountry "ESP"]
[Source "lmi"]
[SourceDate "2014.12.26"]

1. e4 e6 2. d4 d5 3. e5 c5 4. c3 Nc6 5. Nf3 Qb6 6. a3 c4 7. Nbd2 f6 8. Rb1 Qc7
9. Qe2 f5 10. b3 b5 11. g3 Bd7 12. Bg2 Rc8 13. O-O Na5 14. bxc4 bxc4 15. Rd1
Ba4 16. Re1 Nh6 17. Ng5 Qd7 18. Nf1 Nf7 19. Nxf7 Qxf7 20. Bf4 Be7 21. Qd2 O-O
22. Qc1 Rfd8 23. Bg5 Nb3 24. Qf4 Rd7 25. Bxe7 Qxe7 26. Nd2 Rb7 27. Nxb3 Rxb3
28. Rxb3 cxb3 29. Qc1 Qc7 30. Re3 Qc4 31. Bf1 Qxd4 32. Qb2 Qd1 33. Rd3 Qc2 34.
Rd2 Qxb2 35. Rxb2 Rxc3 36. Rb1 Kf7 37. f4 Rc2 38. Bd3 Rd2 39. Bf1 Ke7 40. Rc1
Kd7 41. Ba6 b2 42. Rf1 Bc2 43. Bb5+ Kc7 44. Ba6 b1=Q 45. Rxb1 Bxb1 46. a4 Bd3
0-1

[Event "I Festival Juan Martinez Sola 2014"]
[Site "Almería ESP"]
[Date "2014.12.26"]
[Round "2.2"]
[White "Garcia Molina, Francisco Migue"]
[Black "Fernandez Calzada, Juan Antoni"]
[Result "1/2-1/2"]
[WhiteElo "2152"]
[BlackElo "1790"]
[PlyCount "122"]
[EventDate "2014.12.26"]
[EventType "swiss"]
[EventRounds "7"]
[EventCountry "ESP"]
[Source "lmi"]
[SourceDate "2014.12.26"]

1. c4 c5 2. Nc3 Nf6 3. g3 g6 4. Bg2 Bg7 5. e3 Nc6 6. Nge2 e6 7. d4 cxd4 8. exd4
d5 9. cxd5 Nxd5 10. O-O O-O 11. Nxd5 exd5 12. Be3 Bf5 13. Qd2 Re8 14. Rac1 Qd7
15. Rfe1 Be4 16. f3 Bf5 17. g4 Be6 18. Bf2 f5 19. g5 Bf7 20. b4 a6 21. a3 Bf8
22. Nf4 Be7 23. Nd3 Bd6 24. f4 Rxe1+ 25. Rxe1 Re8 26. Ne5 Bxe5 27. dxe5 Be6 28.
Rd1 Ne7 29. Bc5 Rd8 30. h4 Nc8 31. Bf3 Qa4 32. Qc3 Qb5 33. Bd4 Ne7 34. Qc7 Nc6
35. h5 Rd7 36. Qc8+ Nd8 37. Kg2 Qc4 38. Qa8 Qc7 39. Kg3 Kg7 40. Bc5 b6 41. Bd6
Qb7 42. Qxb7 Nxb7 43. Bxd5 Nxd6 44. h6+ Kf8 45. exd6 Rxd6 46. Bf3 Rxd1 47. Bxd1
Ke7 48. Kf3 Kd6 49. Ke3 a5 50. Ba4 axb4 51. axb4 Bd5 52. Be8 Bg8 53. Kd4 Ke6
54. Bb5 Kd6 55. Be2 Be6 56. Bb5 Bf7 57. Ba4 Be6 58. Be8 Bg8 59. Bb5 Bf7 60. Ba4
Be6 61. Be8 Bg8 1/2-1/2

[Event "I Festival Juan Martinez Sola 2014"]
[Site "Almería ESP"]
[Date "2014.12.26"]
[Round "2.3"]
[White "Garcia Navarro, Jose Jesus"]
[Black "Hernandez Muñoz, Antonio Ramon"]
[Result "0-1"]
[WhiteElo "1750"]
[BlackElo "2151"]
[PlyCount "74"]
[EventDate "2014.12.26"]
[EventType "swiss"]
[EventRounds "7"]
[EventCountry "ESP"]
[Source "lmi"]
[SourceDate "2014.12.26"]

1. e4 c5 2. Nf3 d6 3. d4 cxd4 4. Nxd4 Nf6 5. Nc3 a6 6. Bg5 e6 7. f4 h6 8. Bh4
Qb6 9. Qd2 Qxb2 10. Rb1 Qa3 11. Be2 Be7 12. Bf2 Nbd7 13. O-O Qa5 14. f5 e5 15.
Nb3 Qc7 16. Rfd1 b6 17. Bf3 Bb7 18. Qe3 Rc8 19. Rd3 O-O 20. g4 Nc5 21. Nxc5
dxc5 22. h4 c4 23. Rdd1 Bc5 24. Qe2 b5 25. g5 hxg5 26. hxg5 Nh7 27. Bxc5 Qxc5+
28. Kg2 Nxg5 29. f6 gxf6 30. Nd5 Bxd5 31. Rxd5 Qa3 32. Bg4 Rcd8 33. Rh1 Rxd5
34. exd5 Qc5 35. Bf5 Qxd5+ 36. Kg1 Rd8 37. Qh2 Nf3+ 0-1

[Event "I Festival Juan Martinez Sola 2014"]
[Site "Almería ESP"]
[Date "2014.12.26"]
[Round "2.4"]
[White "Arboledas Fernandez, Antonio A"]
[Black "Esquivias Quintero, Luis Manue"]
[Result "1/2-1/2"]
[WhiteElo "2145"]
[BlackElo "1758"]
[PlyCount "90"]
[EventDate "2014.12.26"]
[EventType "swiss"]
[EventRounds "7"]
[EventCountry "ESP"]
[Source "lmi"]
[SourceDate "2014.12.26"]

1. d4 Nf6 2. e3 d5 3. Bd3 c5 4. c3 g6 5. f4 Bg7 6. Nf3 b6 7. Qe2 O-O 8. Nbd2
Bb7 9. O-O Nbd7 10. Ne5 Ne4 11. Rd1 f5 12. Nxd7 Qxd7 13. Bxe4 fxe4 14. dxc5
bxc5 15. Nxe4 Qc7 16. Ng5 Qc6 17. e4 Ba6 18. Qe3 d4 19. Qh3 h6 20. Qe6+ Qxe6
21. Nxe6 dxc3 22. Nxg7 Kxg7 23. bxc3 Rab8 24. g3 Rb5 25. Rd7 Rb7 26. Rd5 Rfb8
27. Ba3 Rb1+ 28. Rxb1 Rxb1+ 29. Kf2 Rf1+ 30. Kg2 Ra1 31. Bxc5 Rxa2+ 32. Kf3 Rc2
33. Bd4+ Kf7 34. Ra5 Be2+ 35. Ke3 a6 36. f5 Bb5 37. h4 Rc1 38. g4 Rh1 39. fxg6+
Kxg6 40. h5+ Kf7 41. Ra2 Rf1 42. Rg2 Re1+ 43. Kd2 Rxe4 44. g5 hxg5 45. Rxg5
Re2+ 1/2-1/2

[Event "I Festival Juan Martinez Sola 2014"]
[Site "Almería ESP"]
[Date "2014.12.27"]
[Round "3.2"]
[White "Hernandez Muñoz, Antonio Ramon"]
[Black "Cezar Junior, William Carlos"]
[Result "1-0"]
[WhiteElo "2151"]
[BlackElo "1985"]
[PlyCount "106"]
[EventDate "2014.12.26"]
[EventType "swiss"]
[EventRounds "7"]
[EventCountry "ESP"]
[Source "lmi"]
[SourceDate "2014.12.26"]

1. d4 d5 2. Nf3 e6 3. g3 Nf6 4. Bg2 Be7 5. O-O O-O 6. c4 dxc4 7. Qc2 a6 8. Qxc4
b5 9. Qc2 Bb7 10. Bd2 Be4 11. Qc1 Nc6 12. Be3 Nb4 13. Nc3 Bb7 14. Rd1 Nbd5 15.
Bd2 Nxc3 16. Bxc3 b4 17. Bd2 Rc8 18. Qc4 c5 19. Be1 Qb6 20. dxc5 Bxc5 21. Qh4
h6 22. Rac1 Rc7 23. Ne5 Rfc8 24. Nc4 Qa7 25. Bxb7 Qxb7 26. b3 a5 27. Rd3 Kh7
28. Rcd1 a4 29. Qf4 Nd5 30. Qe4+ g6 31. Qe5 Qa7 32. Rf3 Bf8 33. Qe4 a3 34. h4
Rd8 35. Rdd3 h5 36. g4 hxg4 37. Qxg4 f5 38. Qg2 Bg7 39. h5 gxh5 40. Qh2 Rg8 41.
Kf1 Bh6 42. Qxh5 Rcg7 43. e3 Nf6 44. Qh4 Ng4 45. Rh3 Rg6 46. Bxb4 Qb7 47. Qe7+
Qxe7 48. Bxe7 Nxf2 49. Kxf2 Rg2+ 50. Kf3 Rxa2 51. Bxa3 Rgg2 52. Bb2 Rg1 53. Rd2
Kg6 1-0

[Event "I Festival Juan Martinez Sola 2014"]
[Site "Almería ESP"]
[Date "2014.12.27"]
[Round "3.3"]
[White "Silva Lucena, Cristian"]
[Black "Alvarez Morales, Miguel"]
[Result "1/2-1/2"]
[WhiteElo "2136"]
[BlackElo "1979"]
[PlyCount "172"]
[EventDate "2014.12.26"]
[EventType "swiss"]
[EventRounds "7"]
[EventCountry "ESP"]
[Source "lmi"]
[SourceDate "2014.12.26"]

1. e4 c5 2. Nf3 Nc6 3. d4 cxd4 4. Nxd4 Nf6 5. Nc3 e5 6. Ndb5 d6 7. Bg5 a6 8.
Na3 b5 9. Nd5 Qa5+ 10. Bd2 Qd8 11. Bg5 Qa5+ 12. Bd2 Qd8 13. Nxf6+ Qxf6 14. g3
Nd4 15. Bg2 h5 16. h3 h4 17. g4 Ne6 18. Be3 Bb7 19. c4 Nf4 20. Bxf4 Qxf4 21.
Qd3 g6 22. cxb5 f5 23. Qc4 Bxe4 24. O-O Bxg2 25. Qxf4 exf4 26. Kxg2 fxg4 27.
hxg4 d5 28. Nc2 axb5 29. Rfd1 Bg7 30. Rxd5 O-O 31. Rxb5 Rad8 32. Ne1 f3+ 33.
Nxf3 h3+ 34. Kxh3 Rxf3+ 35. Kg2 Rf4 36. Kg3 Rdf8 37. Rf1 Rf3+ 38. Kg2 Bd4 39.
Rd5 Bxb2 40. a4 R3f4 41. Rg5 Kg7 42. f3 Rxa4 43. Rb5 Bf6 44. Rb7+ Rf7 45. Rxf7+
Kxf7 46. f4 Ra3 47. g5 Be7 48. f5 Bxg5 49. fxg6+ Kxg6 50. Rf3 Ra4 51. Rb3 Kf5
52. Kf3 Bf6 53. Ke3 Be5 54. Kd3 Rd4+ 55. Ke3 Rh4 56. Kd3 Rh3+ 57. Kc4 Rh1 58.
Kd3 Rd1+ 59. Ke2 Rd4 60. Ke3 Rd6 61. Rb4 Rh6 62. Kd3 Rh3+ 63. Kc4 Rc3+ 64. Kd5
Rd3+ 65. Kc4 Rd8 66. Kb3 Bd4 67. Rb7 Ke4 68. Kc2 Rc8+ 69. Kb3 Kd3 70. Kb4 Rc1
71. Kb5 Rc5+ 72. Kb4 Rc1 73. Kb5 Ke4 74. Rd7 Rc8 75. Kb4 Kd3 76. Kb5 Kc3 77.
Rd5 Rb8+ 78. Kc6 Kc4 79. Rf5 Rb6+ 80. Kc7 Bc5 81. Kd7 Kb5 82. Rd5 Rh6 83. Rf5
Kb6 84. Rd5 Rg6 85. Rd3 Bb4 86. Rd5 Rd6+ 1/2-1/2

[Event "I Festival Juan Martinez Sola 2014"]
[Site "Almería ESP"]
[Date "2014.12.27"]
[Round "3.4"]
[White "Bernabeu Lopez, Carlos Javier"]
[Black "Diaz Castro, Ismael"]
[Result "0-1"]
[WhiteElo "2125"]
[BlackElo "1969"]
[PlyCount "88"]
[EventDate "2014.12.26"]
[EventType "swiss"]
[EventRounds "7"]
[EventCountry "ESP"]
[Source "lmi"]
[SourceDate "2014.12.26"]

1. e4 e5 2. Nf3 Nc6 3. Bb5 Nf6 4. O-O Nxe4 5. d4 Nd6 6. Bg5 Be7 7. Bxe7 Qxe7 8.
Bxc6 dxc6 9. dxe5 Nf5 10. Qe2 Be6 11. Nbd2 O-O-O 12. Rfe1 h5 13. Nb3 Rh6 14.
Rad1 Rxd1 15. Rxd1 Rg6 16. Nbd4 Nxd4 17. Nxd4 Qg5 18. g3 h4 19. f4 Qg4 20. Qxg4
Bxg4 21. Rd2 c5 22. Nb3 b6 23. Nc1 f6 24. exf6 Rxf6 25. Kf2 hxg3+ 26. hxg3 Rh6
27. Nd3 Rh2+ 28. Ke3 Rh3 29. Rg2 Be6 30. Nf2 Rh6 31. Rg1 Bxa2 32. Ra1 Bd5 33.
Rxa7 Re6+ 34. Kd3 b5 35. Kd2 Bf3 36. Nd3 Re2+ 37. Kc3 Be4 38. Nxc5 Rxc2+ 39.
Kd4 Rc4+ 40. Ke5 Rxc5+ 41. Kxe4 Rc2 42. b4 Rc4+ 43. Kf5 Rxb4 44. Kg6 Ra4 0-1

[Event "I Festival Juan Martinez Sola 2014"]
[Site "Almería ESP"]
[Date "2014.12.27"]
[Round "3.5"]
[White "Puertas Martin, Savins"]
[Black "Chacon Perez, Juan"]
[Result "0-1"]
[WhiteElo "2077"]
[BlackElo "1953"]
[PlyCount "94"]
[EventDate "2014.12.26"]
[EventType "swiss"]
[EventRounds "7"]
[EventCountry "ESP"]
[Source "lmi"]
[SourceDate "2014.12.26"]

1. e4 c5 2. Nf3 Nc6 3. d4 cxd4 4. Nxd4 g6 5. Be3 Bg7 6. c3 Nf6 7. Nd2 d5 8. Bd3
Ng4 9. Nxc6 bxc6 10. Bc5 O-O 11. O-O Qc7 12. Nf3 Rd8 13. Qe2 Ne5 14. Nxe5 Bxe5
15. g3 Rb8 16. f4 Bd6 17. Be3 e6 18. b3 a5 19. Rab1 c5 20. e5 Bf8 21. Rfd1 Bb7
22. Bf2 Ba8 23. Re1 Qc6 24. h4 d4 25. Be4 Qxe4 26. Qxe4 Bxe4 27. Rxe4 dxc3 28.
Be1 a4 29. Bxc3 axb3 30. axb3 Rd3 31. Be1 Rdxb3 32. Rxb3 Rxb3 33. Rc4 Be7 34.
Bf2 Kf8 35. Kg2 Rb2 36. Kf3 Rb4 37. Rc2 Rb5 38. g4 Ke8 39. f5 exf5 40. gxf5 Kd7
41. Rd2+ Kc6 42. f6 Bf8 43. Rd8 Bh6 44. e6 fxe6 45. f7 Rb3+ 46. Ke4 Rb4+ 47.
Ke5 Bg7+ 0-1

[Event "I Festival Juan Martinez Sola 2014"]
[Site "Almería ESP"]
[Date "2014.12.27"]
[Round "3.6"]
[White "Rubio Tapia, Jose Juan"]
[Black "Garcia Castilla, Manuel"]
[Result "1-0"]
[WhiteElo "2071"]
[BlackElo "1936"]
[PlyCount "81"]
[EventDate "2014.12.26"]
[EventType "swiss"]
[EventRounds "7"]
[EventCountry "ESP"]
[Source "lmi"]
[SourceDate "2014.12.26"]

1. d4 Nf6 2. c4 e6 3. Nf3 b6 4. e3 Bb7 5. Bd3 Be7 6. O-O O-O 7. Nc3 d6 8. e4
Nbd7 9. Be3 e5 10. d5 Ng4 11. Bd2 Bc8 12. b4 h6 13. h3 Ngf6 14. Ne2 Nh5 15. g4
Nhf6 16. Ng3 Nh7 17. Kg2 Ng5 18. Ng1 Nf6 19. N1e2 g6 20. h4 Nxg4 21. hxg5 Bxg5
22. Bxg5 hxg5 23. Qc1 Kg7 24. f3 Rh8 25. fxg4 Bxg4 26. Rh1 Qd7 27. Qxg5 f6 28.
Qd2 Bh3+ 29. Kf2 Qg4 30. Rag1 Kf7 31. Nf5 Qh5 32. Neg3 Qh7 33. Ne3 Ke7 34. Bf1
Qh4 35. Rxh3 Qf4+ 36. Ke1 Rxh3 37. Bxh3 a5 38. b5 a4 39. a3 Rh8 40. Be6 Rh3 41.
Bxh3 1-0

[Event "I Festival Juan Martinez Sola 2014"]
[Site "Almería ESP"]
[Date "2014.12.27"]
[Round "3.7"]
[White "Ortiz Aviles, Javier"]
[Black "Uroz Torres, David"]
[Result "1-0"]
[WhiteElo "2061"]
[BlackElo "1926"]
[PlyCount "63"]
[EventDate "2014.12.26"]
[EventType "swiss"]
[EventRounds "7"]
[EventCountry "ESP"]
[Source "lmi"]
[SourceDate "2014.12.26"]

1. d4 Nf6 2. Nf3 d5 3. e3 g6 4. Nbd2 Bg7 5. Bd3 O-O 6. O-O c5 7. Ne5 cxd4 8.
exd4 Nc6 9. Nxc6 bxc6 10. c3 a5 11. Re1 Re8 12. Nf3 Nd7 13. Ne5 Qb6 14. h4 c5
15. Qa4 Nf6 16. Bb5 Rf8 17. dxc5 Qxc5 18. Be3 Qd6 19. Bf4 Ne4 20. Rxe4 dxe4 21.
Qxe4 Bf5 22. Qe3 Qf6 23. g4 Rab8 24. a4 Bc8 25. g5 Qb6 26. Nc6 Qxe3 27. Bxe3
Rb7 28. Bc5 Bg4 29. Nxa5 Rxb5 30. axb5 Be2 31. b6 Rb8 32. Nc6 1-0

[Event "I Festival Juan Martinez Sola 2014"]
[Site "Almería ESP"]
[Date "2014.12.27"]
[Round "3.8"]
[White "Perez Beltran, Jose Maria"]
[Black "Ramos Suria, Felix"]
[Result "1/2-1/2"]
[WhiteElo "1896"]
[BlackElo "2056"]
[PlyCount "41"]
[EventDate "2014.12.26"]
[EventType "swiss"]
[EventRounds "7"]
[EventCountry "ESP"]
[Source "lmi"]
[SourceDate "2014.12.26"]

1. e4 c5 2. d4 cxd4 3. c3 dxc3 4. Nxc3 Nc6 5. Nf3 e6 6. Bc4 Qc7 7. O-O Nf6 8.
h3 a6 9. Qe2 b5 10. Bd3 d6 11. Bf4 Be7 12. Rac1 O-O 13. Rfd1 Bb7 14. Bb1 Rad8
15. Nd5 exd5 16. exd5 Nxd5 17. Rxd5 Qd7 18. Rcd1 g6 19. Bxd6 Bxd6 20. Qd2 Qc7
21. Rxd6 1/2-1/2

[Event "I Festival Juan Martinez Sola 2014"]
[Site "Almería ESP"]
[Date "2014.12.27"]
[Round "3.10"]
[White "Burgos Blancas, Javier"]
[Black "Sanchez Martinez, Andres"]
[Result "1/2-1/2"]
[WhiteElo "1727"]
[BlackElo "2014"]
[PlyCount "149"]
[EventDate "2014.12.26"]
[EventType "swiss"]
[EventRounds "7"]
[EventCountry "ESP"]
[Source "lmi"]
[SourceDate "2014.12.26"]

1. e4 e6 2. d4 d5 3. Nd2 Nc6 4. Ngf3 Nf6 5. e5 Nd7 6. Bb5 a6 7. Bxc6 bxc6 8.
Nb3 c5 9. c3 cxd4 10. cxd4 c5 11. Bd2 a5 12. O-O c4 13. Nc1 Qb6 14. b3 cxb3 15.
Qxb3 Be7 16. Rb1 Bd8 17. Nd3 Ba6 18. Rfc1 Qxb3 19. Rxb3 Bc4 20. Ra3 O-O 21. Nb2
Bb5 22. Rb3 Rb8 23. Nd1 a4 24. Rbb1 Be7 25. Rc7 Rfe8 26. Nc3 Bd3 27. Rxb8 Nxb8
28. Nxa4 Bc4 29. Nc3 Na6 30. Rb7 Kf8 31. a4 Rb8 32. Rxb8+ Nxb8 33. a5 Ke8 34.
Na4 Kd7 35. Ng5 Bxg5 36. Bxg5 Nc6 37. Bd2 Nxd4 38. Nc5+ Kc6 39. a6 Nb5 40. Be3
Nc7 41. a7 Na8 42. f4 Kc7 43. Kf2 Bb5 44. Ke1 Bc6 45. Kd2 Nb6 46. Na6+ Kb7 47.
Nb8 Nc4+ 48. Kd3 Nxe3 49. Nxc6 Nxg2 50. Nd8+ Kxa7 51. Nxf7 Nxf4+ 52. Kd4 Kb6
53. Ng5 Kc6 54. Nxh7 Kd7 55. Ng5 Ke7 56. Ke3 Ng6 57. Kd4 Nh4 58. Ke3 Nf5+ 59.
Kf4 Nd4 60. Ke3 Nc6 61. Kf4 Nd8 62. h4 Nf7 63. Nf3 Nd8 64. Nd4 Nf7 65. Nc6+ Kd7
66. Nd4 Nd8 67. Kg5 Nc6 68. Nf3 Ke7 69. Kg6 Kf8 70. h5 Ne7+ 71. Kg5 Nf5 72. Kf4
Ke7 73. Ng5 Kd7 74. Nf3 Ke7 75. Ng5 1/2-1/2

[Event "I Festival Juan Martinez Sola 2014"]
[Site "Almería ESP"]
[Date "2014.12.27"]
[Round "4.3"]
[White "Garcia Molina, Francisco Migue"]
[Black "Ortiz Aviles, Javier"]
[Result "0-1"]
[WhiteElo "2152"]
[BlackElo "2061"]
[PlyCount "118"]
[EventDate "2014.12.26"]
[EventType "swiss"]
[EventRounds "7"]
[EventCountry "ESP"]
[Source "lmi"]
[SourceDate "2014.12.26"]

1. e3 d5 2. d4 Nf6 3. Bd3 g6 4. Nd2 Bg7 5. f4 O-O 6. Ngf3 c5 7. c3 Nc6 8. O-O
c4 9. Bc2 Bf5 10. Ne5 Nxe5 11. fxe5 Ng4 12. Nf3 Bxc2 13. Qxc2 f6 14. h3 Nh6 15.
exf6 exf6 16. e4 Nf7 17. Bf4 Re8 18. Rae1 Qa5 19. exd5 Qxd5 20. Qa4 Rxe1 21.
Rxe1 Bf8 22. Nh2 a6 23. Ng4 Kg7 24. Qc2 Rc8 25. Qd2 Rc6 26. Bh6+ Nxh6 27. Qxh6+
Kg8 28. Re8 Qf7 29. Qe3 Qd7 30. Qe2 Kf7 31. Re3 h5 32. Nf2 Qd5 33. Qc2 Qg5 34.
Qe4 Bd6 35. Qe8+ Kg7 36. Qd7+ Kh6 37. Qe8 Rc8 38. Qe4 Rc7 39. h4 Qb5 40. Re2
Re7 41. Qf3 Qxb2 42. Rxe7 Qc1+ 43. Nd1 Bxe7 44. Qe3+ Qxe3+ 45. Nxe3 b5 46. Kf2
Kg7 47. Kf3 Kf7 48. g3 Ke6 49. Ke4 Bd6 50. Kf3 Ba3 51. Ng2 g5 52. hxg5 fxg5 53.
Ke4 Bc1 54. d5+ Kd6 55. Kd4 Bd2 56. a4 bxa4 57. Kxc4 a5 58. Kd3 a3 59. Kc2 Kxd5
0-1

[Event "I Festival Juan Martinez Sola 2014"]
[Site "Almería ESP"]
[Date "2014.12.27"]
[Round "4.4"]
[White "Diaz Rodriguez, Jose Antonio"]
[Black "Lara Lopez, Sergio"]
[Result "0-1"]
[WhiteElo "1999"]
[BlackElo "2184"]
[PlyCount "70"]
[EventDate "2014.12.26"]
[EventType "swiss"]
[EventRounds "7"]
[EventCountry "ESP"]
[Source "lmi"]
[SourceDate "2014.12.26"]

1. e4 e6 2. d4 d5 3. exd5 exd5 4. Bd3 Bd6 5. Nf3 Ne7 6. O-O Nbc6 7. c3 Bg4 8.
Nbd2 Qd7 9. b4 f6 10. a4 Bf5 11. Nb3 O-O 12. Ba3 Bxd3 13. Qxd3 Ng6 14. b5 Nf4
15. Qd1 Ne7 16. Nfd2 b6 17. Qf3 Neg6 18. Bxd6 Qxd6 19. g3 Nh3+ 20. Kh1 Ng5 21.
Qd3 f5 22. f3 f4 23. g4 Rae8 24. Rae1 Nh4 25. c4 Qd7 26. cxd5 h5 27. Ne4 Nxe4
28. Rxe4 hxg4 29. Nd2 g3 30. Rfe1 Qh3 31. R1e2 Rxe4 32. Qxe4 Nf5 33. Qxf4 g2+
34. Kg1 Nh4 35. Qg4 Nxf3+ 0-1

[Event "I Festival Juan Martinez Sola 2014"]
[Site "Almería ESP"]
[Date "2014.12.27"]
[Round "4.5"]
[White "Pastor Jimenez, Daniel"]
[Black "Arboledas Fernandez, Antonio A"]
[Result "1/2-1/2"]
[WhiteElo "2003"]
[BlackElo "2145"]
[PlyCount "47"]
[EventDate "2014.12.26"]
[EventType "swiss"]
[EventRounds "7"]
[EventCountry "ESP"]
[Source "lmi"]
[SourceDate "2014.12.26"]

1. e4 e6 2. d4 d5 3. Nc3 Nf6 4. Bg5 Be7 5. e5 Nfd7 6. Bxe7 Qxe7 7. f4 a6 8. Nf3
c5 9. Qd2 Nc6 10. O-O-O c4 11. f5 b5 12. Qg5 Qxg5+ 13. Nxg5 Nb6 14. fxe6 Bxe6
15. a3 h6 16. Nxe6 fxe6 17. Be2 Rf8 18. Bh5+ Ke7 19. Rhf1 Nd7 20. Ne2 g5 21. c3
a5 22. Ng3 b4 23. Rxf8 Rxf8 24. Rf1 1/2-1/2

[Event "I Festival Juan Martinez Sola 2014"]
[Site "Almería ESP"]
[Date "2014.12.27"]
[Round "4.7"]
[White "Ramos Suria, Felix"]
[Black "Burgos Blancas, Javier"]
[Result "1-0"]
[WhiteElo "2056"]
[BlackElo "1727"]
[PlyCount "65"]
[EventDate "2014.12.26"]
[EventType "swiss"]
[EventRounds "7"]
[EventCountry "ESP"]
[Source "lmi"]
[SourceDate "2014.12.26"]

1. e4 Nf6 2. Nc3 e5 3. Nf3 Nc6 4. Bb5 Bc5 5. Nxe5 Nxe5 6. d4 Bd6 7. f4 Ng6 8.
e5 Be7 9. exf6 Bxf6 10. O-O O-O 11. f5 Ne7 12. Ne4 Nd5 13. c3 Re8 14. Qf3 a6
15. Bd3 h6 16. Nd6 c6 17. Nxe8 Qxe8 18. Bd2 d6 19. Rae1 Qd8 20. Re2 Bd7 21. Qg3
Kh8 22. Qxd6 Qc7 23. Qxc7 Nxc7 24. Bf4 Nd5 25. Be5 Bg5 26. Rfe1 Kg8 27. Be4 Nf4
28. Bxf4 Bxf4 29. f6 gxf6 30. Rf1 Bg5 31. Bf5 Bxf5 32. Rxf5 Kf8 33. g3 1-0

[Event "I Festival Juan Martinez Sola 2014"]
[Site "Almería ESP"]
[Date "2014.12.27"]
[Round "4.8"]
[White "Alvarez Morales, Miguel"]
[Black "Balbuena Fuentes, Mario"]
[Result "1/2-1/2"]
[WhiteElo "1979"]
[BlackElo "2015"]
[PlyCount "85"]
[EventDate "2014.12.26"]
[EventType "swiss"]
[EventRounds "7"]
[EventCountry "ESP"]
[Source "lmi"]
[SourceDate "2014.12.26"]

1. c4 e5 2. Nc3 Nc6 3. Nf3 f5 4. d4 e4 5. Ng1 Nf6 6. Bg5 h6 7. Bxf6 Qxf6 8. e3
Bb4 9. Nge2 O-O 10. a3 Bxc3+ 11. Nxc3 Ne7 12. g3 Qe6 13. Nb5 Qb6 14. c5 Qc6 15.
Rc1 Kh8 16. Bc4 a6 17. Nc3 d5 18. Bf1 Qe6 19. Ne2 g5 20. h4 Kg7 21. hxg5 hxg5
22. Ng1 Qg6 23. Qh5 Bd7 24. f4 g4 25. Qxg6+ Kxg6 26. Kf2 Rh8 27. Rxh8 Rxh8 28.
Ne2 Bb5 29. Kg2 Kf6 30. Nc3 Bxf1+ 31. Rxf1 Ke6 32. b4 Kd7 33. a4 c6 34. Rb1 Kc7
35. Ra1 Ng6 36. b5 Ra8 37. b6+ Kd7 38. Na2 Rh8 39. Nc1 Ne7 40. Nb3 Rh3 41. Rb1
Kc8 42. a5 Ng8 43. Rh1 1/2-1/2

[Event "I Festival Juan Martinez Sola 2014"]
[Site "Almería ESP"]
[Date "2014.12.27"]
[Round "4.9"]
[White "Sanchez Martinez, Andres"]
[Black "Perez Beltran, Jose Maria"]
[Result "1/2-1/2"]
[WhiteElo "2014"]
[BlackElo "1896"]
[PlyCount "83"]
[EventDate "2014.12.26"]
[EventType "swiss"]
[EventRounds "7"]
[EventCountry "ESP"]
[Source "lmi"]
[SourceDate "2014.12.26"]

1. d4 Nf6 2. c4 e6 3. Nc3 Bb4 4. e3 Qe7 5. Nge2 O-O 6. a3 Bxc3+ 7. Nxc3 d6 8.
Bd3 e5 9. O-O h6 10. b3 Nc6 11. d5 Nb8 12. e4 a5 13. Rb1 Bg4 14. f3 Bc8 15. g4
Nh7 16. Kg2 Qh4 17. Qe1 Qxe1 18. Rxe1 Bd7 19. Be3 b6 20. Kf2 Rc8 21. h4 Nf8 22.
Ne2 Be8 23. Ng3 Ng6 24. h5 Ne7 25. g5 hxg5 26. Bxg5 f6 27. Be3 Nd7 28. Bf1 Nf8
29. Bh3 Bd7 30. Bf1 Kf7 31. Bd3 g6 32. Rec1 Nh7 33. Rb2 Rcb8 34. Rcb1 b5 35. f4
exf4 36. Bxf4 Ng5 37. Bxg5 fxg5 38. Ke3 Kg7 39. Rf2 Rf8 40. Rbf1 Rxf2 41. Rxf2
Re8 42. Be2 1/2-1/2

[Event "I Festival Juan Martinez Sola 2014"]
[Site "Almería ESP"]
[Date "2014.12.27"]
[Round "4.10"]
[White "Wang Qiu, Jorge"]
[Black "Bernabeu Lopez, Carlos Javier"]
[Result "0-1"]
[WhiteElo "1659"]
[BlackElo "2125"]
[PlyCount "66"]
[EventDate "2014.12.26"]
[EventType "swiss"]
[EventRounds "7"]
[EventCountry "ESP"]
[Source "lmi"]
[SourceDate "2014.12.26"]

1. e4 e5 2. Nf3 Nc6 3. Bb5 a6 4. Bxc6 dxc6 5. Nc3 Bc5 6. O-O Qe7 7. d4 exd4 8.
Nxd4 Nf6 9. Re1 O-O 10. f3 Be6 11. Be3 Rad8 12. Nce2 Bxd4 13. Bxd4 Qb4 14. c3
Qxb2 15. Qa4 Qb5 16. Qxb5 cxb5 17. Nf4 Rd7 18. e5 Nd5 19. Nxd5 Rxd5 20. f4 Rfd8
21. Rec1 h5 22. Kf2 Kh7 23. h3 c5 24. Be3 Kg6 25. Kf3 Rd3 26. Ke2 Bc4 27. Kf2
Kf5 28. Rc2 b6 29. g3 Ke4 30. Re1 Rd1 31. Bd2+ Rxe1 32. Bxe1 Rd1 33. Bd2 Kd3
0-1

[Event "I Festival Juan Martinez Sola 2014"]
[Site "Almería ESP"]
[Date "2014.12.27"]
[Round "5.1"]
[White "Hernandez Muñoz, Antonio Ramon"]
[Black "Ortiz Aviles, Javier"]
[Result "1-0"]
[WhiteElo "2151"]
[BlackElo "2061"]
[PlyCount "117"]
[EventDate "2014.12.26"]
[EventType "swiss"]
[EventRounds "7"]
[EventCountry "ESP"]
[Source "lmi"]
[SourceDate "2014.12.26"]

1. d4 c6 2. Nf3 d5 3. g3 Nf6 4. Bg2 h6 5. O-O Bf5 6. c4 e6 7. Nc3 Be7 8. b3 Ne4
9. Bb2 Nxc3 10. Bxc3 Nd7 11. Nd2 O-O 12. e4 dxe4 13. Nxe4 a5 14. a3 Qb6 15. c5
Qa6 16. Nd2 Qd3 17. Rc1 Qa6 18. Re1 Rfd8 19. Qf3 Nf6 20. Nc4 Nd5 21. Bxa5 Rf8
22. Bb6 Nxb6 23. Nxb6 Rad8 24. Qc3 Qd3 25. Red1 Qe2 26. Bf3 Qa6 27. Nc4 Rd7 28.
Be2 Rfd8 29. Qe3 Qa7 30. Nb6 Rc7 31. a4 Bg5 32. f4 Bf6 33. g4 Bh7 34. g5 hxg5
35. fxg5 Be7 36. Bd3 Bxd3 37. Rxd3 Qa6 38. Rcc3 Re8 39. Qf4 Bd8 40. Nc4 b5 41.
cxb6 Rce7 42. Rh3 Rd7 43. Qh4 Kf8 44. Qh8+ Ke7 45. Qxg7 Rd5 46. Ne5 Rxe5 47.
Qxe5 Rg8 48. Qc5+ Ke8 49. Qxc6+ Kf8 50. Qc5+ Kg7 51. Qe5+ Kf8 52. Rh8 Rxh8 53.
Qxh8+ Ke7 54. Qf6+ Ke8 55. Qe5 Bxb6 56. Rc4 Qb7 57. Qb5+ Ke7 58. Qe5 Kf8 59. g6
1-0